000 00468nam a22001577a 4500
005 20230706142057.0
008 230706b ||||| |||| 00| 0 eng d
040 _cAACR2
082 _a520 SRI
100 _aSriparamashetti, Basava Prabhu and Badigera, Mahadeva
_914554
245 _aNakshathra veekshaneya noorentu prasnegalu
260 _aBelagavi
_bPrasaranga
_c2021
300 _a44p.
650 _a Janapriya tantrika sikshana male
_914527
942 _2ddc
_cBK
999 _c194509
_d194509